Vishayadaritha ithihasa mattu pouranithi (Record no. 239706)

MARC details
000 -LEADER
fixed length control field 00386nam a2200145Ia 4500
005 - DATE AND TIME OF LATEST TRANSACTION
control field 20250729165746.0
008 - FIXED-LENGTH DATA ELEMENTS--GENERAL INFORMATION
fixed length control field 250729s2013 xx 000 0 und d
041 ## - LANGUAGE CODE
Language code of text/sound track or separate title eng
082 ## - DEWEY DECIMAL CLASSIFICATION NUMBER
Classification number 930.7 SHIV
100 ## - MAIN ENTRY--PERSONAL NAME
Personal name Dr.S.Shivayya
9 (RLIN) 232285
245 ## - TITLE STATEMENT
Title Vishayadaritha ithihasa mattu pouranithi
260 ## - PUBLICATION, DISTRIBUTION, ETC.
Place of publication, distribution, etc. Dhavanagere
Name of publisher, distributor, etc. Pooja Prakashana
Date of publication, distribution, etc. 2013
300 ## - PHYSICAL DESCRIPTION
Extent 244p
650 ## - SUBJECT ADDED ENTRY--TOPICAL TERM
Topical term or geographic name entry element History
9 (RLIN) 232286
Holdings
Withdrawn status Lost status Damaged status Not for loan Home library Current library Date acquired Source of acquisition Cost, normal purchase price Total Checkouts Full call number Barcode Date last seen Cost, replacement price Price effective from Koha item type
        St Aloysius Library St Aloysius Library 07/29/2025 Management Book 210.00   930.7 SHIV BED05025 07/29/2025 210.00 07/29/2025 Book